| 000 | 01022nam a2200301 i 4500 | ||
|---|---|---|---|
| 001 | bg | ||
| 003 | BPK | ||
| 005 | 20200212103048.0 | ||
| 008 | 031020s2003 pl a f |000 0 pol | ||
| 015 | _aPB 2003/17286 | ||
| 020 | _a8371932146 | ||
| 040 |
_aWA N _cBPK |
||
| 041 | 0 | _apol | |
| 080 | _a004.438 | ||
| 080 | _a(075.8) | ||
| 100 | 1 | _aKysiak, Andrzej. | |
| 245 | 1 | 0 |
_aPodstawy programowania w języku C/C++ : _bprzykłady i zadania / _cAndrzej Kysiak, Andrzej Służalec ; Politechnika Częstochowska. |
| 260 |
_aCzęstochowa : _bWydaw. PC, _c2003. |
||
| 300 |
_a162 s. : _bil. ; _c24 cm. |
||
| 504 | _aBibliogr. | ||
| 650 | 4 | _aC++ (język programowania) | |
| 655 | 4 | _aPodręczniki akademickie | |
| 650 | 4 | _aC (język programowania) | |
| 700 | 1 |
_aSłużalec, Andrzej _d(1955- ). |
|
| 710 | 2 |
_aPolitechnika Częstochowska. _bWydawnictwo. _4pbl. |
|
| 856 | 4 | 1 |
_uhttp://koha.tu.koszalin.pl/cgi-bin/koha/opac-detail.pl?biblionumber=43978 _yKatalog online BPK |
| 942 |
_2UKD _cKS |
||
| 999 |
_c43978 _d43978 |
||